000
00310nam a2200145 4500
008
210531b ||||| |||| 00| 0 eng d
020
_a
9781454815488
041
_a
eng
080
_2
2nd
_a
34
082
_a
34
100
_a
16
101
_a
JUR
245
_a
Civil Procedure
_c
Glannon,J.W
942
_2
ddc
_c
BK
999
_c
57853
_d
57853